[Event "EU-ch 12th"]
[Site "Aix les Bains"]
[Date "2011.04.01"]
[Round "10"]
[White "Cornette, Matthieu"]
[Black "Sermier, Guillaume"]
[Result "1/2-1/2"]
[WhiteElo "2548"]
[BlackElo "2428"]
[Annotator "Marchand,A/Primel,D"]
[PlyCount "103"]
[EventDate "2011.03.22"]
[EventType "swiss"]
[EventRounds "11"]
[EventCountry "FRA"]
[SourceTitle "CBM 142 Extra"]
[Source "ChessBase"]
[SourceDate "2011.06.27"]
[SourceVersion "1"]
[SourceVersionDate "2011.06.27"]
[SourceQuality "1"]
[TimeControl "40/5400+30:1800+30"]

1. d4 Nf6 2. c4 e6 3. Nc3 Bb4 4. e3 b6 (4... c5) 5. Nge2 (5. Bd3 Bb7 6. Nf3 Ne4
7. Qc2 Bxc3+ 8. bxc3 f5 9. O-O O-O 10. Nd2 Qh4 11. f3 Nxd2 12. Bxd2 Nc6 13.
Rab1 d6 14. e4 f4 15. e5 dxe5 16. Rfe1 Rae8 17. d5 exd5 {Lafuente,P (2561)
-Harikrishna,P (2667) Gibraltar Masters 9th 2011 (5) 1-0} (17... Na5 18. Rxe5
exd5)) 5... Ba6 (5... c5 $5 6. a3 (6. d5 $6 b5 $1 {[%csl Rc3][%cal Gb4e1]} 7.
cxb5 (7. a3 Ba5 8. cxb5 Nxd5) 7... Nxd5 8. Bd2 Nxc3 9. Nxc3 d5 $132 {[%csl Gc5,
Gd5]}) 6... Ba5 7. Rb1 Na6 {[%csl Gb4]} 8. Bd2 (8. Qa4 Bb7 9. b4 Bc6 10. b5 Be4
{[%cal Ga5e1,Ge4b1]} 11. Rb2 cxd4 (11... Nc7) 12. exd4 Nc7 13. Bd2 Bb7 14. Nf4
O-O 15. Bd3 d6 (15... a6 $5 {[%cal Ga8a4]}) 16. O-O e5 $132 {Garcia Palermo,C 
(2475)-Grosar,A (2480) Mitropa Cup 15th 1993 1/2})) 6. Qa4 (6. a3 Bxc3+ 7. Nxc3
d5 8. b3 Nc6 9. a4 O-O 10. Be2 Na5 11. Ba3 Re8 12. Rb1 Rc8 13. O-O c5 14. dxc5
bxc5 15. Nb5 $14) (6. Ng3 Bxc3+ 7. bxc3 d5 8. Ba3 (8. Qf3) 8... Bxc4 9. Bxc4
dxc4 10. Qa4+ Qd7 11. Qxc4 Qc6 $11) 6... c5 7. a3 {84} cxd4 {64} ({RR} 7...
Bxc3+ 8. Nxc3 O-O 9. dxc5 bxc5 10. Be2 d5 11. O-O Qb6 12. cxd5 Bxe2 13. Nxe2
exd5 14. b4 Nbd7 15. Bb2 Rab8 16. Rfc1 Rfc8 17. h3 h6 18. Rc2 a5 19. bxa5 Qa6
20. Bc3 c4 21. Rb2 Rxb2 22. Bxb2 {Aleksandrov,A (2659)-Istratescu,A (2586)/
Budva 2003/1/2-1/2 (43)}) 8. exd4 $146 ({RR} 8. Qxb4 dxc3 9. Nxc3 Qe7 10. Qa4
Bb7 11. Be2 Bxg2 12. Rg1 Bc6 13. Qc2 g6 14. e4 d6 15. Bh6 Nbd7 16. O-O-O Nc5
17. Bf3 e5 18. Kb1 Ne6 19. Nd5 Bxd5 20. cxd5 Nd8 21. Rc1 a5 22. Be2 Ra7 {
Turner,A-Saidy,A/New Orleans 1954/1-0 (50)}) ({RR} 8. axb4 dxc3 9. Nxc3 O-O 10.
Be2 d5 11. b5 Bb7 12. O-O Nbd7 13. Rd1 Qc7 14. cxd5 Nxd5 15. Bd2 Nc5 16. Qa3
Qe5 17. b4 Ne4 18. Nxe4 {1/2-1/2 Kovacevic,B (2510)-Markus,R (2584)/Djakovo
2005}) 8... Be7 9. Bf4 $6 {Prématuré} (9. d5 $5) (9. g3 $1 Bb7 (9... Qc8 $6 10.
Bg2 Bb7 11. d5) 10. d5 $1 exd5 (10... Na6 {[%cal Ga6c5]} 11. Bg2 Nc5 12. Qd1 {
[%cal Gb2b4]} a5 13. O-O exd5 (13... O-O 14. d6) 14. cxd5 d6 15. Nd4 {[%csl
Rc6,Gd4][%cal Gd4f5,Gd4c6]}) 11. cxd5 Nxd5 12. Qe4) 9... Qc8 {[%csl Rc4]} 10.
Ng3 {67} O-O {51} 11. Rc1 d6 12. Be2 Bb7 13. d5 Qd7 14. Qd1 Na6 15. O-O {49}
Nc7 {32} 16. Bf3 e5 17. Bg5 Rab8 18. Bxf6 Bxf6 19. Bg4 Qd8 20. Nce4 $14 {
[%csl Gg5] 24} g6 {[%cal Gf6g7,Gf7f5] 25} 21. Nxf6+ Qxf6 22. b4 Rfd8 (22... Qg5
$5 {[%cal Gf7f5]}) 23. f4 $1 {[%cal Gf1f6]} exf4 24. Qd2 Qg5 25. Rxf4 {08} f5
$2 {05} 26. h4 $2 $138 (26. Nxf5 $1 gxf5 27. Bxf5 $18 {[%csl Rg5,Rg8][%cal
Gf4g4]}) 26... Qh6 27. Bxf5 Rf8 28. Be6+ Nxe6 29. Rxf8+ Qxf8 30. dxe6 Qe7 31.
Re1 Rf8 32. b5 Rf6 33. Qg5 Kf8 34. Qh6+ Kg8 35. Re3 Bc8 36. Qg5 Kf8 37. Ne4
Rxe6 38. Rf3+ Kg7 39. Qxe7+ Rxe7 40. Nxd6 Bg4 41. Rf4 Be6 42. g4 h6 43. Kf2 g5
44. hxg5 hxg5 45. Nf5+ Kf6 46. Rf3 Rc7 47. Nd4+ Ke5 48. Nc6+ Kd6 49. Rf6 Rf7
50. Rxf7 Bxf7 51. Nxa7 Bxc4 52. Ke3 1/2-1/2

[Event "EU-Cup 08th round of 16"]
[Site "London"]
[Date "1991.11.19"]
[Round "2.1"]
[White "Rajkovic, Dusan"]
[Black "Martin, Andrew D"]
[Result "0-1"]
[WhiteElo "2475"]
[BlackElo "2415"]
[Annotator "Martin,A"]
[PlyCount "50"]
[EventDate "1991.11.??"]
[EventType "team-match"]
[EventRounds "2"]
[EventCountry "ENG"]
[SourceTitle "EXT 2020"]
[Source "ChessBase"]
[SourceDate "2019.10.17"]
[SourceVersion "1"]
[SourceVersionDate "2019.10.17"]
[SourceQuality "1"]
[WhiteTeam "Smederevska Palanka Gosa"]
[BlackTeam "London Wood Green"]
[WhiteTeamCountry "YUG"]
[BlackTeamCountry "ENG"]

1. d4 Nf6 2. c4 e6 3. Nc3 Bb4 4. e3 b6 5. Nge2 Ba6 6. a3 Bxc3+ 7. Nxc3 d5 8.
cxd5 Bxf1 9. Kxf1 exd5 10. b4 $6 O-O 11. Qb3 {N} (11. g3) 11... Nc6 $1 12. a4
Qd7 13. Ba3 {/\ h3, Rc1-c2, Kg1-h2, Rhc1} Rfe8 14. h3 Re6 $1 15. Rc1 Rae8 16.
Kg1 Nxd4 $1 17. exd4 Re1+ 18. Kh2 $8 (18. Rxe1 $2 Rxe1+ 19. Kh2 Ng4+ $1 20. Kg3
(20. hxg4 Qd6+) 20... Qd6+ 21. Kxg4 (21. f4 Re3+ 22. Kxg4 Qg6+ $19) 21... h5+
$3 22. Kf3 (22. Kxh5 Qf4 $19) 22... Qf6+ 23. Kg3 Qg5+ 24. Kf3 Qf5+ 25. Kg3 h4+
26. Kxh4 Qf4+ 27. g4 Re6 28. Qxd5 Rh6+ 29. Qh5 g5#) 18... Ng4+ $1 19. hxg4 Qd6+
20. Kh3 Qh6+ 21. Kg3 R8e3+ $1 22. fxe3 Qxe3+ 23. Kh4 Qf2+ 24. Kh3 $4 (24. g3 $8
g5+ 25. Kxg5 (25. Kh5 Qf6 26. Qc2 Re4 27. Qxe4 dxe4) (25. Kh3 Re6) 25... Qe3+
26. Kh5 (26. Kf5 Qe6+ 27. Kg5 Qg6+ 28. Kh4 Qh6#) 26... Kg7 27. g5 $8 Qf3+ 28.
Kh4 f5 $8 (28... Qxh1+ $2 29. Kg4) 29. gxf6+ $8 Qxf6+ 30. Kg4 Qe6+ 31. Kf3 Qe3+
32. Kg2 Qd2+ $10) 24... g5 $1 25. g3 Re6 0-1

[Event "Sautron op 13th"]
[Site "Sautron"]
[Date "2013.10.28"]
[Round "4"]
[White "Nguyen, Chi Minh"]
[Black "Bailet, Pierre"]
[Result "1/2-1/2"]
[WhiteElo "2389"]
[BlackElo "2474"]
[Annotator "RR"]
[PlyCount "55"]
[EventDate "2013.10.26"]
[EventType "swiss"]
[EventRounds "9"]
[EventCountry "FRA"]
[SourceTitle "EXT 2016"]
[Source "ChessBase"]
[SourceDate "2015.10.08"]
[SourceVersion "1"]
[SourceVersionDate "2015.10.08"]
[SourceQuality "1"]
[TimeControl "40/5400+30:1800+30"]
[WhiteClock "1:30:00"]
[BlackClock "1:30:00"]

1. d4 {[%emt 0:00:00]} Nf6 {[%emt 0:01:56]} 2. c4 {[%emt 0:00:00]} e6 {[%emt 0:
00:14]} 3. Nc3 {[%emt 0:01:15]} Bb4 {[%emt 0:00:23]} 4. e3 {[%emt 0:01:23]} b6
{[%emt 0:00:41]} (4... c5 5. Bd3 Nc6 6. Nge2 cxd4 7. exd4 d5 8. cxd5 Nxd5 9. a3
Bd6 10. Bc2 O-O 11. Qd3 g6 12. Ne4 Be7 13. h4 e5 14. Bh6 Re8 15. h5 exd4 16.
hxg6 hxg6 17. O-O-O Bf5 18. N2g3 Be6 19. Qd2 Bf6 20. Nxf6+ Qxf6 21. Bg5 $36 {
Emms}) (4... d5) (4... Ne4 5. Qc2 f5 6. Bd3 O-O 7. Nge2 (7. Bxe4 $6 fxe4 8.
Qxe4 d5 9. Qd3 Qg5 10. g3 b6 11. cxd5 exd5 12. Nge2 Ba6 $44) 7... b6 8. O-O
Bxc3 9. Nxc3 Nxc3 10. Qxc3 Bb7 11. f3 $14) 5. Nge2 {[%emt 0:00:52]} Ba6 {
[%emt 0:01:17] La variante FISCHER} (5... c5 6. a3 Ba5 7. Rb1 Na6 8. Bd2 O-O 9.
d5 {De Lagontrie,J (2007)-Primel,D (2127) Rohde op 04th 2004 (6) 0-1}) (5...
Ne4 $5) 6. Ng3 {[%emt 0:05:07]} Bxc3+ {[%emt 0:04:38]} (6... c5 7. d5 exd5 8.
cxd5 Bxf1 9. Kxf1 O-O $11 {Lautier,J (2648)-Leitao,R (2567) FIDE-Wch k.o. 2000
(1.1) 0-1}) 7. bxc3 {[%emt 0:00:05]} d5 {[%emt 0:00:16]} 8. Ba3 {[%emt 0:04:12]
[%csl Re8]} (8. Qf3 {L'alternative} O-O 9. cxd5 exd5 10. Bxa6 Nxa6 11. Qe2 Qc8
(11... Nb8)) 8... Bxc4 {[%emt 0:01:51]} (8... dxc4 9. e4 (9. Qf3) (9. Qa4+ b5)
9... Qd7 10. Be2 Nc6 11. Qc2 (11. O-O O-O-O {Gligoric,S-Petrosian,T Vinkovci
1970 (4) 1/2}) 11... O-O-O 12. O-O h5 13. Rfd1 h4 14. Nf1 Nh5 15. d5 Ne5 16.
dxe6 Qe8 17. Rxd8+ Qxd8 18. Bxh5 Rxh5 19. f4 Nd3 20. exf7 c5 21. Qe2 (21. Qa4
Kb7 22. Ne3) 21... Rh8 22. e5 Kb8 23. e6 Qf6 24. Re1 {Portisch,L (2640)
-Fischer,R Siegen ol (Men) fin-A 1970 (10) 1/2} (24. Qe4 Nxf4 25. Re1)) 9. Bxc4
{[%emt 0:02:19]} dxc4 {[%emt 0:00:11]} 10. Qa4+ {[%emt 0:04:47]} (10. O-O Qd7
11. e4 Qb5 12. Qf3 Nbd7 13. Rfb1 {Christiansen,L (2515)-De Firmian,N (2520)
USA-ch Greenville 1983 (13) 1/2} (13. Rfe1 O-O-O)) 10... Qd7 {[%emt 0:00:35]}
11. Qxc4 {[%emt 0:00:09]} Qc6 {[%emt 0:00:13]} 12. Qxc6+ {[%emt 0:03:36]} Nxc6
{[%emt 0:00:08]} 13. c4 {[%emt 0:00:09]} O-O-O $11 {[%emt 0:06:16]} 14. Ke2 {
[%emt 0:07:21]} Kb7 {[%emt 0:10:09]} (14... Rd7 15. Bb2 Rhd8 16. Bc3 Ne8 17.
Rhc1 g6 18. Be1 f5 19. a4 Nb8 20. a5 c6 21. Kf1 Kb7 22. axb6 axb6 23. Rab1 Ka7
24. Ne2 Nd6 25. Rc2 Na6 26. Nf4 Re8 27. Nd3 c5 28. Ra1 Kb7 29. Rca2 Ra8 30.
dxc5 Nxc4 31. Nb4 Nxb4 32. Rxa8 Nc6 33. cxb6 Nxb6 34. Re8 e5 35. Rb1 Kc7 36.
Re6 Nc8 37. Rc1 Nd6 38. Bb4 e4 39. h4 {1-0 (39) Nisipeanu,L (2667)-Moreno Ruiz,
J (2486) Montcada 2013}) 15. Rhc1 $146 {[%emt 0:03:29]} (15. Bb2 Rd7 16. Bc3
Rc8 17. a4 a5 18. Rab1 Ka6 19. Rhc1 h6 20. f3 Rdd8 21. Nf1 Ne7 22. Nd2 c5 23.
dxc5 Rxc5 24. Bd4 Rc6 25. c5 Nfd5 26. cxb6 Rxc1 27. Rxc1 Nf5 28. Be5 Kxb6 29.
g4 f6 30. gxf5 fxe5 31. fxe6 Re8 32. Nc4+ Ka6 33. Nxe5 Rxe6 34. f4 g5 35. Rc5
Ne7 36. fxg5 hxg5 37. Nc4 Nc6 38. Rxg5 Rh6 39. Rg2 Rh4 40. Kd3 Kb7 41. Kc3 Rh3
42. Rg5 Kc7 43. Rc5 Kd7 44. Ne5+ Nxe5 {Atalik,E (2430)-Rakic,M (2294) Belgrade
2013 1-0 (65)}) 15... Ne8 {[%emt 0:08:28]} 16. Rab1 {[%emt 0:06:28][%cal Gb1b7]
} f5 {[%emt 0:08:11][%csl Ge4]} 17. Nh5 {[%emt 0:18:23]} g5 {[%emt 0:19:09]}
18. Rc2 {[%emt 0:06:32]} (18. d5 exd5 19. Rb5 {[%cal Gb5f5]} dxc4 20. Rxf5 $44
{[%csl Rh8]}) 18... Rg8 {[%emt 0:01:21]} 19. h4 $1 {[%emt 0:03:44]} h6 {
[%emt 0:01:10]} 20. c5 {[%emt 0:09:46]} Rg6 {[%emt 0:05:44]} 21. cxb6 {[%emt 0:
04:31]} axb6 {[%emt 0:00:54]} 22. Rbc1 $36 {[%emt 0:01:56] Les pièces
Blanches sont plus actives et mieux coordonnées} e5 {[%emt 0:00:26]} 23. dxe5
{[%emt 0:01:29]} Nxe5 {[%emt 0:00:22]} 24. hxg5 {[%emt 0:01:27]} hxg5 {[%emt 0:
00:21]} 25. Ng3 {[%emt 0:05:24]} f4 {[%emt 0:01:44]} 26. Ne4 {[%emt 0:01:06]}
fxe3 {[%emt 0:01:31]} 27. fxe3 {[%emt 0:00:07]} Rd7 {[%emt 0:03:46]} 28. Rh1 {
[%emt 0:00:51]} 1/2-1/2

[Event "Tan Chin Nam Cup 5th"]
[Site "Shenyang"]
[Date "1999.07.17"]
[Round "9"]
[White "Bu, Xiangzhi"]
[Black "Sutovsky, Emil"]
[Result "1-0"]
[WhiteElo "2465"]
[BlackElo "2587"]
[Annotator "Wells,P"]
[PlyCount "157"]
[EventDate "1999.07.08"]
[EventType "tourn"]
[EventRounds "9"]
[EventCountry "CHN"]
[EventCategory "13"]
[SourceTitle "CBM 073"]
[Source "ChessBase"]
[SourceDate "1999.12.01"]
[SourceVersion "1"]
[SourceVersionDate "1999.12.01"]
[SourceQuality "1"]

1. d4 Nf6 2. c4 e6 3. Nc3 Bb4 4. e3 b6 5. Nge2 O-O 6. a3 Bxc3+ 7. Nxc3 d5 {
A relatively unusual variation, although it has had an outing from both
Korchnoi and Spassky. It is difficult to believe that black can prove full
compensation for the bishop pair, although the decision to delay ...Bb7 is
based on the idea to play, in many cases to exchange light-squared bishops on
a6. Moreover, in comparison with other variations based on a combination of ...
b6 and ...d5, it is nice not to have to worry about a white knight coming to
e5.} 8. Be2 (8. Bd3 Ba6 9. b3 (9. Qe2 c5 10. dxc5 bxc5 11. O-O Nc6 12. cxd5
Bxd3 13. Qxd3 exd5 14. Rd1 c4 15. Qf5 Qb6 $1 $132 {[%csl Rb2,Rb3]} 16. e4 d4
17. e5 Qc5 18. Qf4 Nd7 19. Ne4 Qxe5 20. Nd6 {1-0 Nenashev,A-Psakhis,L/Tilburg
1994/CBM 44 (45)} Rad8 $1 21. Nxc4 $140 Qe2 $19) 9... c5 10. dxc5 dxc4 11. bxc4
bxc5 12. O-O Nc6 13. Nb5 Ne5 14. Be2 Qb8 15. Bb2 Rd8 16. Qc2 Neg4 17. g3 Bb7
$13 {[%cal Gb7h1] 1/2-1/2 Shirov,A-Sutovskij,E/Tilburg 1996/CBM 56/ (62).}) (8.
cxd5 {looks thematic.} exd5 (8... Nxd5 $5 9. Nxd5 (9. Bd3 $5) 9... exd5 10. b4
c6 11. Bd3 Ba6 12. O-O Bxd3 13. Qxd3 Nd7 14. a4 a6 15. Bd2 b5 {[%cal Gd7b6,
Gb6c4]} 16. a5 Re8 17. f3 Re6 18. Rae1 Nf6 19. Re2 Qe7 20. Rfe1 Rd8 $11 {
1/2-1/2 Savchenko,S-Anastasian,A/Tbilisi 1989/CBM 12 (59)}) 9. b4 Re8 (9... c5
10. bxc5 bxc5 11. dxc5 Qa5 12. Bd2 Qxc5 13. Rc1 Nc6 14. Be2 d4 15. Nb5 Qb6 16.
O-O Rd8 17. Qc2 Bb7 18. Rb1 dxe3 19. Bxe3 $14 {[%csl Ye2,Ye3] 1/2-1/2 Geller,
E-Spassky,B/Riga 1965/Candidates (30)}) 10. Be2 Nc6 11. O-O a5 12. b5 Ne7 13.
a4 Nf5 14. Ba3 Nh4 $5 15. g3 Ng6 16. Bf3 Bh3 17. Re1 Qd7 18. Qc2 Bf5 19. Qa2
Rad8 20. Rac1 h5 $13 {1/2-1/2 Raicevic,V-Chandler,M/Belgrade 1982/MCD (58)})
8... Ba6 9. cxd5 {It seems a little strange to allow the exchange of these
bishops so easily.} ({White can also head for slightly better known territory
with} 9. b3 Nc6 (9... c5 $5) 10. a4 Na5 ({I prefer} 10... dxc4 $5 $13) 11. Ba3
Re8 12. Rb1 Rc8 13. O-O c5 14. dxc5 bxc5 15. Nb5 $14 {1-0 Gutov,A-Yemelin,V/
Moscow 1999/CBM 70/[Wells] (40)}) 9... Bxe2 10. Qxe2 exd5 11. O-O c5 $6 {
This however looks clearly too ambitious. It takes very few moves to see how
vulnerable are the hanging pawns here.} ({It must be better to try for example
} 11... Re8 $5 {when neither obvious white plan, the advance of the e-pawn
supported by f3, or playing on the queenside with b4-b5 look very terrifying
in the absence of the white squared bishop.}) 12. dxc5 bxc5 13. Rd1 $14 {
[%csl Rc5,Rd5]} Nc6 14. Qf3 Qa5 {Measured as an indirect defence of the weak
d-pawn, the text scores well, since the tactical idea upon which it is based
is rather a nice one. However, the queen is somewhat off-side, and white has a
nice choice between the quiet building development which he chooses, and the
sudden activation of his pieces which would arise from 15 b4.} ({Still,} 14...
Ne5 {was also no solution in view of} 15. Qf5 Re8 16. f4 $1 (16. Nxd5 $6 Nxd5
17. e4 g6 $1 (17... Ne7 18. Rxd8 Nxf5 19. Rxa8 Rxa8 20. exf5 $14) (17... Qf6
18. Rxd5 Qxf5 19. exf5 Nd3 20. Be3 $16) 18. Qh3 Nc4 19. exd5 Qxd5 $13) 16...
Nc4 17. Nxd5 Nxd5 18. Rxd5 Qe7 19. Qd3 $1 (19. Rd7 Nxe3 20. Qd3 Qe6 21. Bxe3
Qxe3+ 22. Qxe3 Rxe3 23. Rc1 $14) 19... Nxe3 $140 20. Re5 $18) 15. Bd2 ({
Not, therefore} 15. Nxd5 $2 Nxd5 16. Qxd5 Rad8 17. Qf3 Rxd1+ 18. Qxd1 Rd8 19.
Qe2 (19. Qf1 $4 Qa4 $19 {[%cal Yd8d1]}) 19... Qa4 $44 {[%csl Ra1,Rc1][%cal
Ga4d1,Gd8d1]}) ({but} 15. b4 $5 {as mentioned above looks very promising} cxb4
(15... Nxb4 16. Bd2 {[%csl Ra5,Rf6][%cal Yc3d5]}) 16. Nxd5 Nxd5 17. Rxd5 Qa4
18. Bb2 f6 $8 (18... b3 $2 19. Bxg7 Kxg7 20. Rg5+ Kh8 21. Qf6#) 19. Qg4 $16 {
[%csl Ra4,Re6][%cal Yb2f6] with a dangerous initiative for white.}) 15... Ne5
16. Qf5 Qc7 17. b4 $1 {A thematic way to further attack black's hanging pawns
to be sure, but white's sense that he can allow black what at first sight
appears to be some counterplay on the king-side, shows tremendous maturity for
such a young player, albeit an exceptionally talented one.} (17. f4 $6 Nc4 18.
Nxd5 $2 Nxd5 19. Qxd5 Nxb2 $15 {[%cal Ga8d8]}) 17... Neg4 18. h3 $1 {Realising
that black's invading queen, cannot inflict serious damage.} (18. g3 cxb4 19.
axb4 Qe5 $1 {[%csl Rf3] was less principled, and less convincing too.}) 18...
Qh2+ 19. Kf1 Nh6 {Black has no completely satisfactory route here, but given
how depressing the endgame turns out to be, counterplay, and perhaps better
practical chances could have been sought here by either} (19... cxb4 20. hxg4 (
20. axb4 Ne5 21. Ke2 $1 d4 $1 22. exd4 Rfe8 23. Be3 Nc4 $44) 20... bxc3 21.
Bxc3 Ne4 22. Be5 {[%csl Rh2]} Qh4 (22... Qh1+ 23. Ke2 Qxg2 24. Rg1 Qh3 25. Rh1
$18) 23. Kg1 $14) ({or perhaps} 19... Ne5 $5 20. bxc5 Nc4 21. Rab1 $1 $14 (21.
Be1 Rab8 $5 $132 {[%cal Gb8b2]})) 20. Qf4 $1 {In the coming endgame, white
will enjoy an advantage based both on black's crumbling pawn centre, and the
poorly placed knight on h6.} Qxf4 $8 (20... Qh1+ $2 21. Ke2 Qxg2 22. Rg1 Qxh3
23. Rxg7+ $1 (23. Qxf6 $18) 23... Kxg7 24. Qg5+ Kh8 25. Qxf6+ Kg8 26. Rg1+ Ng4
27. Nxd5 (27. Qg5+ $18) 27... Rfe8 28. Bc3 $18) 21. exf4 Rfc8 (21... c4 22. Be3
{[%csl Gd4]} Nf5 23. Bc5 Rfd8 24. g4 $16 {[%csl Rd5]}) (21... d4 22. Nb5 a6 23.
Nd6 cxb4 24. Bxb4 a5 25. Bc5 Rfd8 26. g4 $5 $16 {[%csl Rd4]} (26. Rxd4 $16))
22. g4 $1 {[%csl Rh6]} d4 23. Nb5 Ne4 (23... a6 24. Nd6 Rc6 25. bxc5 $18 {
[%cal Yg4g5]}) 24. bxc5 Rxc5 25. Nxd4 Rd5 26. Be3 $18 {White is winning. He
has an extra pawn, and clearly the better minor pieces.} Rad8 27. Rdc1 f5 28.
g5 Nf7 29. Ne6 R8d6 30. Rc8+ Nd8 31. Nxd8 Rxd8 32. Rxd8+ Rxd8 33. Bxa7 Ra8 34.
Be3 Ra4 35. h4 Nc3 36. Kg2 Kf7 37. h5 Nd5 38. Kf3 Nc3 39. Bd2 Nd5 40. Ra2 Ke6
41. Be3 Kd6 42. Kg3 {Black has managed to impede obvious and immediate means
of making progress, but white cannot be prevented indefinitely from
reorganising his forces.} Ke6 43. Bc1 Rc4 44. Re2+ $1 Kd7 45. Re5 Kd6 46. Bd2
g6 47. hxg6 hxg6 48. Re8 Rd4 49. Be3 Ra4 50. Rg8 Ne7 51. Rd8+ Kc6 (51... Ke6
52. Bc5 {[%csl Re7][%cal Yd8d6,Yc5a3]}) 52. Kg2 $1 Kc7 (52... Rxa3 53. Re8 Nd5
(53... Kd7 $2 54. Rxe7+) 54. Re6+ Kd7 55. Rxg6 Nxe3+ 56. fxe3 Rxe3 57. Rf6 $18)
53. Rf8 Nd5 54. Rf7+ Kd8 55. Rg7 Ra6 56. Rg8+ Kd7 57. Bd2 Rxa3 58. Rg7+ Ke8 59.
Rxg6 Rd3 60. Be3 Kf7 61. Ra6 Nxe3+ 62. fxe3 Rxe3 63. Kf2 Rb3 64. Rf6+ Kg7 65.
Rxf5 {The rest is of little interest. Against a more experienced opponent, I
am sure black would have resigned, and he could have done so here with few
regrets.} Kg6 66. Rf6+ Kg7 67. Re6 Ra3 68. Re3 Ra1 69. Kf3 Kg6 70. Re6+ Kf7 71.
Rf6+ Kg7 72. Rd6 Kf7 73. Kg4 Ra4 74. g6+ Ke7 75. Rb6 Ra1 76. Kg5 Rg1+ 77. Kh6
Rh1+ 78. Kg7 Rf1 79. Rf6 1-0